| 000 | 00416nam a2200157Ia 4500 | ||
|---|---|---|---|
| 003 | LK-CoDNM | ||
| 008 | 010623t1986 xxu||||| |||| 00| 1 sin d | ||
| 040 |
_aLK-CoDNM _dLK-CoDNM _eLK-CoDNM |
||
| 041 | _asin | ||
| 080 | _a330 | ||
| 245 | _aආර්ථික විද්යාව | ||
| 246 | _aArthika Vidyawa | ||
| 260 |
_bAdyapana Prakashana Departhumenthuwa _c1986 |
||
| 300 | _b91p.;21 cm cm | ||
| 942 | _cBK | ||
| 999 |
_c113242 _d113242 |
||